Stil und Stildiskurs des Jungen Deutschland

Podrobná bibliografie
Hlavní autor: Teraoka T. Takanori
Jazyk:němčina
Vydáno: Dusseldorf, Heinrich Heine Verlag, 1993
Edice:Heine-Studien
Témata:
Médium: MixedMaterials Kniha
KOHA link:https://koha.lib.tpu.ru/cgi-bin/koha/opac-detail.pl?biblionumber=4958

MARC

LEADER 00000nam0a2200000 4500
001 4958
005 20231030175319.0
010 |a 3455099203 
035 |a (RuTPU)RU\TPU\book\4984 
035 |a BOOK00005013 
090 |a 4958 
100 |a 20011209d1993 m y0gery50 ba 
101 0 |a ger 
102 |a DE 
105 |a y j 000zy 
200 1 |a Stil und Stildiskurs des Jungen Deutschland  |f T. Teraoka 
210 |a Dusseldorf  |c Heinrich Heine Verlag  |d 1993 
215 |a 228 p. 
225 1 |a Heine-Studien 
610 1 |a немецкий язык 
610 1 |a учебные пособия 
610 1 |a книги для чтения 
686 |a Ш143.24-923.8  |v LBC/SL-A  |2 rubbk 
700 1 |a Teraoka  |b T.  |g Takanori 
801 0 |a RU  |b 63413507  |c 20011209  |g PSBO 
801 2 |a RU  |b 63413507  |c 20070228  |g PSBO 
942 |c BK